Quiz Cultura Generale - Quiz n°75 - Statistics

Statistiche generali
  • Questo quiz è stato fatto 149 volte
  • Il punteggio medio è 31 su 45
Statistiche sulle risposte
Domanda Casella Select % Corretto
Seleziona le isole del Mediterraneo Groenlandia No
99%
Seleziona le isole del Mediterraneo Islanda No
99%
Seleziona le isole del Mediterraneo Nuova Guinea No
98%
Seleziona le isole del Mediterraneo Sardegna
97%
Seleziona le isole del Mediterraneo Cipro
96%
Seleziona le case automobilistiche che hanno vinto almeno 8 Campionati mondiale costruttori di Formula 1 Brabham No
94%
Seleziona le isole del Mediterraneo Hispaniola No
94%
Seleziona le case automobilistiche che hanno vinto almeno 8 Campionati mondiale costruttori di Formula 1 Ferrari
93%
Seleziona le case automobilistiche che hanno vinto almeno 8 Campionati mondiale costruttori di Formula 1 Lotus No
92%
Seleziona i Presidenti del Consiglio dei ministri della Repubblica Italiana per almeno 2 governi Silvio Berlusconi
92%
Seleziona le isole del Mediterraneo Creta
91%
Seleziona le isole del Mediterraneo Maiorca
91%
Seleziona i Presidenti del Consiglio dei ministri della Repubblica Italiana per almeno 2 governi Mario Monti No
82%
Seleziona le case automobilistiche che hanno vinto almeno 8 Campionati mondiale costruttori di Formula 1 Benetton No
81%
Seleziona gli stati che hanno fatto parte dell'Intesa nel corso della Prima Guerra Mondiale Bulgaria No
81%
Seleziona i film diretti da Steven Spielberg E.T. l'extra-terrestre
81%
Seleziona le case automobilistiche che hanno vinto almeno 8 Campionati mondiale costruttori di Formula 1 Renault No
81%
Seleziona le case automobilistiche che hanno vinto almeno 8 Campionati mondiale costruttori di Formula 1 Mercedes
77%
Seleziona i Presidenti del Consiglio dei ministri della Repubblica Italiana per almeno 2 governi Francesco Cossiga No
75%
Seleziona i Presidenti del Consiglio dei ministri della Repubblica Italiana per almeno 2 governi Mario Draghi No
75%
Seleziona le case automobilistiche che hanno vinto almeno 8 Campionati mondiale costruttori di Formula 1 McLaren
75%
Seleziona i film diretti da Steven Spielberg Blade Runner No
74%
Seleziona i film diretti da Steven Spielberg Jurassic Park
72%
Seleziona i film diretti da Steven Spielberg Alien No
69%
Seleziona i film diretti da Steven Spielberg Avatar No
69%
Seleziona gli stati che hanno fatto parte dell'Intesa nel corso della Prima Guerra Mondiale Impero Ottomano No
69%
Seleziona i Presidenti del Consiglio dei ministri della Repubblica Italiana per almeno 2 governi Giulio Andreotti
67%
Seleziona i film diretti da Steven Spielberg Titanic No
67%
Seleziona gli stati che hanno fatto parte dell'Intesa nel corso della Prima Guerra Mondiale Francia
65%
Seleziona i Presidenti del Consiglio dei ministri della Repubblica Italiana per almeno 2 governi Matteo Renzi No
64%
Seleziona i film diretti da Steven Spielberg Schindler's List
64%
Seleziona le isole del Mediterraneo Tenerife No
59%
Seleziona i Presidenti del Consiglio dei ministri della Repubblica Italiana per almeno 2 governi Giuseppe Conte
55%
Seleziona gli stati che hanno fatto parte dell'Intesa nel corso della Prima Guerra Mondiale Regno Unito
55%
Seleziona gli stati che hanno fatto parte dell'Intesa nel corso della Prima Guerra Mondiale Austria-Ungheria No
54%
Seleziona gli stati che hanno fatto parte dell'Intesa nel corso della Prima Guerra Mondiale Germania No
54%
Seleziona i Presidenti del Consiglio dei ministri della Repubblica Italiana per almeno 2 governi Alcide De Gasperi
49%
Seleziona gli stati che hanno fatto parte dell'Intesa nel corso della Prima Guerra Mondiale Russia
47%
Seleziona gli stati che hanno fatto parte dell'Intesa nel corso della Prima Guerra Mondiale Stati Uniti
47%
Seleziona le case automobilistiche che hanno vinto almeno 8 Campionati mondiale costruttori di Formula 1 Red Bull No
44%
Seleziona i film diretti da Steven Spielberg I predatori dell'arca perduta
37%
Seleziona le case automobilistiche che hanno vinto almeno 8 Campionati mondiale costruttori di Formula 1 Williams
32%
Seleziona i film diretti da Steven Spielberg La guerra dei mond
31%
Seleziona i Presidenti del Consiglio dei ministri della Repubblica Italiana per almeno 2 governi Aldo Moro
28%
Seleziona gli stati che hanno fatto parte dell'Intesa nel corso della Prima Guerra Mondiale Giappone
25%
Nessun quiz corrispondente trovato
Distribuzione punteggi
Percentuale di utenti per punteggio
Percentile per numero di risposta
I tuoi punteggi nel tempo
Non hai fatto questo quiz